| 000 | 01175 a2200217 4500 | ||
|---|---|---|---|
| 003 | BJBSDDR | ||
| 005 | 20260414130631.0 | ||
| 007 | ta | ||
| 008 | 260414b1988 nyu||||| |||| 00| 0 eng d | ||
| 020 | _a9780452261587 | ||
| 040 | _cBJBSDDR | ||
| 041 | _aeng | ||
| 050 | _bB658 1988 | ||
| 100 | 2 |
_aBlundell, William _d1946- _947935 |
|
| 245 |
_a The art and craft of feature writing : _bbased on "The Wall Street Journal Guide / _cWilliam Blundell, |
||
| 260 |
_aNew York : _bPlume ; _c1988 . |
||
| 300 |
_a259 pages ; _c21cm. |
||
| 520 | _aBlundell painted works with the style of, among others, Australian artists Charles Blackman, Arthur Boyd, William Dobell, Russell Drysdale, Sidney Nolan, Lloyd Rees, Arthur Streeton, Elioth Gruner, Brett Whiteley and also Claude Monet. According to Blundell, he sold them to Curvers as copies for decorative purposes only. He does not call them forgeries but "innuendos", works in the style of a specific artist. Many of the paintings were sold privately or at auction for up to $65,000. In an interview with Four Corners, Blundell claimed that he had painted at least 400 Whiteleys alone. | ||
| 942 |
_2lcc _cBK _n0 |
||
| 946 | _isba | ||
| 999 |
_c126798 _d126798 |
||